| 000 | 00777nam a22002057a 4500 | ||
|---|---|---|---|
| 999 |
_c10370 _d10370 |
||
| 003 | AR-CdUCM | ||
| 008 | 190401b ||||| |||| 00| 0 spa d | ||
| 040 |
_aMUNICIPALIDAD PROVINCIAL DEL CUSCO _cBIBLIOTECA MUNICIPAL DEL CUSCO |
||
| 082 |
_aES / 370.2 / _bM41 |
||
| 100 |
_aMelin Flores, Francisca _927174 |
||
| 245 | _aElocución castellana / | ||
| 260 |
_aCusco : _bGustavo impresiones, _c2012. |
||
| 300 |
_a165 paginas ; _c20 cm. |
||
| 505 | _aContenido :La comunicación humana -- El lenguaje -- El multilinguísmo -- La semiótica, Lingüística y gramática -- Fonética y fonología .. | ||
| 650 |
_aCiencia de la comunicación _927175 |
||
| 650 |
_aLengua castellana _916494 |
||
| 700 |
_aArredondo Garcia, Roxssana _927176 |
||
| 942 |
_2ddc _cLIBROS |
||
| 945 | _arum | ||